00653nam a22001691i 450000100060000009000100000601000180001610000410003410100080007520000770008321500250016070000250018521000860021099601040029699000110040099500720041110964 a10964 a9789729587122 a20170304u u u0frey50 ba0 apor1 fLuís FróisaEuropaJapãoeUm Diálogo Civizacional no Século XVI a179 [1] pcild21 cm 1aFróisbLuís4070 cComissão Nacional para as Comemorações dos Descobrimentos Portuguesesd1993 f0012041kFROm00000000n00000000aBMVAb1vViana do AlentejoxHistória Universaly27eLivro1031 cLIVROS 0010914356bBMVAdBMVAeDEPf0015507kFROo0rLIVROSucx - 102-vnt